| 000 | 00362nam a2200121Ia 4500 | ||
|---|---|---|---|
| 008 | 190216s9999||||xx |||||||||||||| ||und|| | ||
| 100 | _a"Pattan Shetty,Nakkiral, Johnwinfred" | ||
| 245 | 3 | _aAn Introduction To Research Methods In Social Sciences | |
| 260 |
_b"Rainbow Publications,Tamil Nadu" _c1986 |
||
| 300 | _a200p | ||
| 650 | _aSocial Sciences | ||
| 942 | _cREF | ||
| 999 |
_c36018 _d36018 |
||